Boletín Informativo OEA /

保存先:
書誌詳細
団体著者: Organización de los Estados Americanos
フォーマット: 図書
言語:Spanish
出版事項: San José, Costa Rica: OEA, 1978-
主題:
タグ: タグ追加
タグなし, このレコードへの初めてのタグを付けませんか!

MARC

LEADER 00000nam a22000007a 4500
003 cru CIDCACS/IIS
005 20230126151913.0
008 230126b |||||||| |||| 00| 0 spa d
040 |c cru CIDCACS/IIS 
090 |a REV0121 
110 1 |9 10890  |a Organización de los Estados Americanos 
245 1 |a Boletín Informativo OEA /  |c Organización de los Estados Americanos 
260 |a San José, Costa Rica:  |b OEA,  |c 1978- 
270 |e Apartado 10166 
500 |a EXISTENCIAS : 1978 1 (1-2, 4) 1979 2 (1-4) 1980 3 (1-2) 1981 4 (1-2, 4) 1982 5 (2) PERIODICIDAD PPS (s):Cuatrimestral 
650 0 |9 2306  |a SEMINARIOS 
650 0 |9 7485  |a OEA 
651 0 |9 17  |a AMERICA LATINA 
651 0 |9 308  |a CENTROAMERICA 
942 |2 ddc  |c PP 
999 |c 44695  |d 44695